| 000 | 01810ntm a2200253 4500 | ||
|---|---|---|---|
| 001 | 27907 | ||
| 003 | BD-RjUL | ||
| 005 | 20211209051221.0 | ||
| 008 | 140301s2012 b ||||| mb|| 00| 0 b d | ||
| 035 | _a(BD-RjUL)27988 | ||
| 040 |
_aBD-RjUL _bben _cBD-RjUL _dBD-RjUL |
||
| 041 | _aben | ||
| 082 |
_221 _a305.0954924 _bHON 2012 |
||
| 100 |
_aহোসেন, মো. আলমগীর _962947 |
||
| 245 |
_aনাটোর জেলার জনগোষ্ঠী : _bশ্রেণীবিন্যাস ও সংস্কৃতির ধারা (১৯৮৪-২০০০ খ্রীষ্টাব্দ) / _cমো. আলমগীর হোসেন _6গবেষণা তত্ত্বাবধায়ক : মো. শামসুজ্জোহা এছামী |
||
| 260 |
_aরাজশাহী : _bইসলামের ইতিহাস ও সংস্কৃতি বিভাগ, রাজশাহী বিশ্ববিদ্যালয়, _c২০১২ |
||
| 300 |
_aviii, ২৪৬ পাতা : _bচিত্র ; _c২৯ সেমি. |
||
| 502 | _aথিসিস (এম. ফিল.)--ইসলামের ইতিহাস ও সংস্কৃতি বিভাগ, রাজশাহী বিশ্ববিদ্যালয়, ২০১২. | ||
| 504 | _aগ্রন্থপঞ্জি: পাতা [২২৯]-২৪৬ | ||
| 650 | 0 |
_aসামাজিক গোষ্ঠীসমূহ _vইতিহাস _zনাটোর জেলা _zবাংলাদেশ _962948 _y১৯৮৪-২০০০ |
|
| 650 | 0 |
_aSocial Groups _vHistory _zNatore district _zBangladesh _985591 _y1984-2000 |
|
| 700 |
_aএছামী, মো.শামসুজ্জোহা, গবেষণা তত্ত্বাবধায়ক _962949 |
||
| 942 |
_2ddc _cTHE |
||
| 999 |
_c27907 _d27907 |
||